000 00496nam a2200157 i 4500
001 bg
100 1 _aSZYMAŃSKI, Władysław
245 0 _aMechanika płynów :
_bzbiór zadań /
_cWładysław Szymański, Tadeusz Pyrcioch.
260 _aRzeszów,
_c1977.
700 1 _aPYRCIOCH, Tadeusz
040 _cBPK
041 _apol
942 _cKS
008 s pl f |000 0 pol
856 _uhttp://koha.tu.koszalin.pl/cgi-bin/koha/opac-detail.pl?biblionumber=17774
_yKatalog online BPK
999 _c17774
_d17774